000 00596nam a2200241Ia 4500
003 OSt
005 20221007071854.0
006 a|||||r|||| 00| 0
007 ta
008 221006b |||||||| |||| 00| 0 eng d
024 _a12,683
037 _cTextual
040 _aFLL
_cFLL
_beng
041 _2eng
_aeng
082 _aV3:2:9Z, J7;2
100 _aWade E.C.S.
245 0 _aConstitutional law
250 _a5th
260 _aLondon
_bLongmans London
_c1955
300 _a538p
_ccm.
942 _hV3:2:9Z, J7;2
_cTEXL
_2CC
999 _c1144542
_d1144542